000 00491nam a22001817a 4500
005 20180726113106.0
010 _aENG-123542
020 _c55.00
035 _aEN-107074
037 _bDBAD/PUB
082 _a882
100 _aKottoor, Gopi Krishnan
245 _aFire in the soul:
_cby Gopi Krishnan Kottoor
260 _aMadras
_bGreat Hawk
270 _a24,Commander In.Chief Road,
_bMadras
_e600105
300 _a193p.
_c21cm. (pbk)
942 _2ddc
_cEN
_h882
_mKOT
999 _c154812
_d154812